| 000 | 00428nam a22001697a 4500 | ||
|---|---|---|---|
| 005 | 20160429111522.0 | ||
| 008 | 160429b xxu||||| |||| 00| 0 eng d | ||
| 020 | _a0-07-460339-6 | ||
| 041 | _aeng | ||
| 082 | _b00777 | ||
| 100 |
_aSingh, RP _9223 |
||
| 245 | _aCommunication Systems: Analog and Digital | ||
| 260 |
_aNew Delhi _bTMH Publ.co.Ltd. _c2002 |
||
| 300 | _a592 | ||
| 650 |
_aInformation Technology _9137 |
||
| 942 | _cBK | ||
| 999 |
_c249 _d249 |
||